| 000 | 00359nam a22001457a 4500 | ||
|---|---|---|---|
| 003 | OSt | ||
| 005 | 20251021082429.0 | ||
| 008 | 251021b |||||||| |||| 00| 0 eng d | ||
| 020 | _a9789966001191 | ||
| 040 | _cSTORY MOJA | ||
| 050 | _aPR 9381.9 .O34 2011 | ||
| 245 |
_aLET ME TELL YOU _cFORDE, SARAH |
||
| 260 |
_aNAIROBI _bSTORY MOJA _c2011 |
||
| 942 |
_2lcc _cBK _n0 |
||
| 999 |
_c9658 _d9658 |
||